00914nam a2200241Ia 4500001000600000003000900006008004100015040001300056040001300069041001300082100002000095100002900115245004800144245005000192250001100242260001200253260001200265260004900277300005800326500023300384650002400617650003100641 9610IT-RoPAU130308s9999 xx 000 0 und d aIT-RoPAU cIT-RoPAU aITALIANO aDe Sandre Italo gCodice Aut. SPICS: 7282 aCrisi della famiglia, servizi e istituzioni bMass Media, Famiglia e Trasformazioni Sociali a1a ed. aFIRENZE bSansoni c1980 [1° Ed.:1980 - Ed.Ling.Originale:1980] a"63 p. (prefazione: no ; testo: 63 [pagine: 91-153])" aTraslazione di Funzioni nel sotto Sistema Familiare fisionomia Reale di classe Divisione del Lavoro domestico Accesso Alle risorse Esterne Organizzate Modelli Alternativi di donna e di Uomo Ideologia dei Servizi e le Istituzioni aSAGGI DI SOCIOLOGIA eCodice materia Spics: 3657